|
|
|
|
| LEADER |
02408nam a2200325 a 4500 |
| 001 |
1670401 |
| 008 |
090827r19961988nyua 001 0 eng d |
| 010 |
|
|
|a 98021874
|
| 020 |
|
|
|a 0553176986
|
| 082 |
0 |
0 |
|a 523.1
|2 21
|
| 100 |
1 |
|
|a Hawking, S. W.
|q (Stephen W.)
|
| 245 |
1 |
2 |
|a A brief history of time /
|c Stephen Hawking.
|
| 260 |
|
|
|a New York :
|b Bantam Books,
|c 1988.[Reprinted 1996]
|
| 300 |
|
|
|a ix, 212 p. :
|b ill. ;
|c 24 cm.
|
| 504 |
|
|
|a Includes index.
|
| 541 |
1 |
|
|e 00011441
|
| 650 |
|
0 |
|a Cosmology.
|
| 852 |
4 |
|
|a Ayesha Abed Library
|j General shelf
|
| 942 |
0 |
0 |
|0 1
|
| 999 |
|
|
|c 8023
|d 8023
|
| 952 |
|
|
|0 0
|1 0
|2 ddc
|4 0
|6 523_100000000000000_HAW_1996
|7 0
|9 9093
|a BRACUL
|b BRACUL
|c GEN
|d 2010-04-08
|l 20
|m 126
|o 523.1 HAW
|p 3010011441
|r 2024-07-09
|s 2024-06-22
|t 1
|w 2010-04-08
|y BK
|
| 952 |
|
|
|0 0
|1 0
|2 ddc
|4 0
|6 523_100000000000000_HAW_1996
|7 0
|9 9094
|a BRACUL
|b BRACUL
|c GEN
|d 2010-04-08
|l 18
|m 156
|o 523.1 HAW
|p 3010011440
|r 2025-08-31
|s 2025-08-31
|t 2
|w 2010-04-08
|y BK
|
| 952 |
|
|
|0 0
|1 0
|2 ddc
|4 0
|6 523_100000000000000_HAW_1996
|7 0
|9 9095
|a BRACUL
|b BRACUL
|c GEN
|d 2010-04-08
|l 25
|m 197
|o 523.1 HAW
|p 3010011442
|r 2025-10-19
|s 2025-10-13
|t 3
|w 2010-04-08
|y BK
|
| 952 |
|
|
|0 0
|1 0
|2 ddc
|4 0
|6 523_100000000000000_HAW_1996
|7 0
|9 9096
|a BRACUL
|b BRACUL
|c GEN
|d 2010-04-08
|l 13
|m 100
|o 523.1 HAW
|p 3010010808
|r 2022-11-15
|s 2022-10-26
|t 4
|w 2010-04-08
|y BK
|
| 952 |
|
|
|0 0
|1 0
|2 ddc
|4 0
|6 523_100000000000000_HAW_1996
|7 0
|9 14012
|a BRACUL
|b BRACUL
|c GEN
|d 2011-01-19
|g 714.00
|l 11
|m 164
|o 523.1 HAW
|p 3010011443
|q 2022-08-29
|r 2019-09-12
|s 2019-09-12
|t 4
|v 1428.00
|w 2011-01-19
|y BK
|x (Book price 4.99 EURO) ( Book Price BDT-143X4.99=714)
|
| 952 |
|
|
|0 0
|1 0
|2 ddc
|4 0
|6 523_100000000000000_HAW
|7 0
|9 59234
|a SCL
|b SCL
|c GEN
|d 2016-07-16
|g 110.00
|l 12
|m 64
|o 523.1 HAW
|p 3020008573
|r 2022-04-16
|s 2022-04-05
|t 6
|w 2016-07-16
|y BK
|
| 952 |
|
|
|0 0
|1 0
|2 ddc
|4 0
|6 523_100000000000000_HAW
|7 0
|9 59240
|a SCL
|b SCL
|c GEN
|d 2016-07-16
|g 110.00
|l 12
|m 53
|o 523.1 HAW
|p 3020008571
|r 2022-04-11
|s 2022-04-05
|t 7
|w 2016-07-16
|y BK
|
| 952 |
|
|
|0 0
|1 0
|2 ddc
|4 0
|6 523_100000000000000_HAW
|7 0
|9 59241
|a SCL
|b SCL
|c GEN
|d 2016-07-16
|g 110.00
|l 16
|m 46
|o 523.1 HAW
|p 3020008570
|r 2025-08-04
|s 2025-07-14
|t 8
|w 2016-07-16
|y BK
|
| 952 |
|
|
|0 0
|1 0
|2 ddc
|4 0
|6 523_100000000000000_HAW
|7 0
|9 59242
|a SCL
|b SCL
|c GEN
|d 2016-07-16
|g 110.00
|l 14
|m 64
|o 523.1 HAW
|p 3020008572
|r 2019-11-21
|s 2019-09-22
|t 9
|w 2016-07-16
|y BK
|
| 952 |
|
|
|0 0
|1 0
|2 ddc
|4 0
|6 523_100000000000000_HAW
|7 0
|9 59475
|a SCL
|b SCL
|c GEN
|d 2016-07-27
|g 110.00
|l 14
|m 65
|o 523.1 HAW
|p 3020008574
|r 2020-03-04
|s 2020-01-16
|t 10
|w 2016-07-27
|y BK
|